<?xml version="1.0" encoding="UTF-8"?>
<record
    xmlns:xsi="http://www.w3.org/2001/XMLSchema-instance"
    xsi:schemaLocation="http://www.loc.gov/MARC21/slim http://www.loc.gov/standards/marcxml/schema/MARC21slim.xsd"
    xmlns="http://www.loc.gov/MARC21/slim">

  <leader>04860nam0a22004451  4500</leader>
  <controlfield tag="001">v19\rc\1681046</controlfield>
  <controlfield tag="005">20260406094314.0</controlfield>
  <datafield tag="035" ind1=" " ind2=" ">
    <subfield code="a">(NLR Aleph) 004786853</subfield>
  </datafield>
  <datafield tag="090" ind1=" " ind2=" ">
    <subfield code="a">4693961</subfield>
    <subfield code="c">4693961</subfield>
  </datafield>
  <datafield tag="100" ind1=" " ind2=" ">
    <subfield code="a">20061002d1895    |||y0rusy50      ca</subfield>
  </datafield>
  <datafield tag="101" ind1="0" ind2=" ">
    <subfield code="a">rus</subfield>
  </datafield>
  <datafield tag="102" ind1=" " ind2=" ">
    <subfield code="a">RU</subfield>
  </datafield>
  <datafield tag="105" ind1=" " ind2=" ">
    <subfield code="a">a z |||||</subfield>
  </datafield>
  <datafield tag="200" ind1="1" ind2=" ">
    <subfield code="a">&#x41F;&#x430;&#x43C;&#x44F;&#x442;&#x438; &#x43E;&#x442;&#x446;&#x430; &#x441;&#x43E;&#x432;&#x440;&#x435;&#x43C;&#x435;&#x43D;&#x43D;&#x43E;&#x439; &#x43F;&#x435;&#x434;&#x430;&#x433;&#x43E;&#x433;&#x438;&#x438;, &#x42F;&#x43D;&#x430; &#x410;&#x43C;&#x43E;&#x441;&#x430; &#x41A;&#x43E;&#x43C;&#x435;&#x43D;&#x441;&#x43A;&#x43E;&#x433;&#x43E;</subfield>
    <subfield code="e">&#x41F;&#x43E; &#x43F;&#x43E;&#x432;&#x43E;&#x434;&#x443; 302 &#x433;&#x43E;&#x434;&#x43E;&#x432;&#x449;&#x438;&#x43D;&#x44B; &#x435;&#x433;&#x43E; &#x440;&#x43E;&#x436;&#x434;&#x435;&#x43D;&#x438;&#x44F;</subfield>
  </datafield>
  <datafield tag="210" ind1=" " ind2=" ">
    <subfield code="a">&#x421;&#x430;&#x43D;&#x43A;&#x442;-&#x41F;&#x435;&#x442;&#x435;&#x440;&#x431;&#x443;&#x440;&#x433;</subfield>
    <subfield code="c">&#x41D;.&#x413;. &#x41C;&#x430;&#x440;&#x442;&#x44B;&#x43D;&#x43E;&#x432;</subfield>
    <subfield code="d">1895</subfield>
  </datafield>
  <datafield tag="215" ind1=" " ind2=" ">
    <subfield code="a">[7], 119 &#x441;.</subfield>
    <subfield code="c">&#x438;&#x43B;.</subfield>
    <subfield code="d">23</subfield>
  </datafield>
  <datafield tag="300" ind1=" " ind2=" ">
    <subfield code="a">&#x41D;&#x430; &#x442;&#x438;&#x442;. &#x43B;. &#x438; &#x43E;&#x431;&#x43B;.: &#x2116; 2</subfield>
  </datafield>
  <datafield tag="327" ind1="1" ind2=" ">
    <subfield code="a">&#x421;&#x43E;&#x434;&#x435;&#x440;&#x436;.: &#x41E;&#x442;&#x447;&#x435;&#x442; &#x41E;&#x442;&#x434;&#x435;&#x43B;&#x430; &#x437;&#x430; 2 &#x433;&#x43E;&#x434; &#x434;&#x435;&#x44F;&#x442;&#x435;&#x43B;&#x44C;&#x43D;&#x43E;&#x441;&#x442;&#x438; / [&#x421;&#x43E;&#x43E;&#x431;&#x449;.] &#x41C;.&#x42E;. &#x41F;&#x43E;&#x43F;&#x43E;&#x432;&#x441;&#x43A;&#x43E;&#x433;&#x43E;. &#x41F;&#x435;&#x434;&#x430;&#x433;&#x43E;&#x433;&#x438;&#x447;&#x435;&#x441;&#x43A;&#x438;&#x435; &#x438;&#x434;&#x435;&#x430;&#x43B;&#x44B;. &#x42F;.&#x410;. &#x41A;&#x43E;&#x43C;&#x435;&#x43D;&#x441;&#x43A;&#x43E;&#x433;&#x43E; / [&#x421;&#x43E;&#x447;.] &#x41F;.&#x413;. &#x41C;&#x438;&#x436;&#x443;&#x435;&#x432;&#x430;. &#x412;&#x435;&#x43B;&#x438;&#x43A;&#x438;&#x435; &#x43F;&#x435;&#x434;&#x430;&#x433;&#x43E;&#x433;&#x438; &#x43F;&#x43E;&#x441;&#x43B;&#x435; &#x41A;&#x43E;&#x43C;&#x435;&#x43D;&#x441;&#x43A;&#x43E;&#x433;&#x43E; / [&#x421;&#x43E;&#x447;.] &#x41D;.&#x421;. &#x41A;&#x430;&#x440;&#x446;&#x43E;&#x432;&#x430;. "&#x410;&#x43C;&#x43E;&#x441; &#x41A;&#x43E;&#x43C;&#x435;&#x43D;&#x441;&#x43A;&#x438;&#x439;": &#x421;&#x442;&#x438;&#x445;&#x43E;&#x442;&#x432;&#x43E;&#x440;&#x435;&#x43D;&#x438;&#x435; &#x410;&#x440;&#x435;&#x43D;&#x441;&#x430; / &#x412; &#x43F;&#x435;&#x440;. &#x41B;.&#x41D;. &#x41C;&#x43E;&#x434;&#x437;&#x430;&#x43B;&#x435;&#x432;&#x441;&#x43A;&#x43E;&#x433;&#x43E;. "&#x428;&#x43A;&#x43E;&#x43B;&#x430; &#x442;&#x435;&#x430;&#x442;&#x440;", VI &#x434;&#x440;&#x430;&#x43C;&#x430; &#x41A;&#x43E;&#x43C;&#x435;&#x43D;&#x441;&#x43A;&#x43E;&#x433;&#x43E; &#x432; &#x43F;&#x435;&#x440;. &#x435;&#x433;&#x43E; &#x436;&#x435;. "&#x41E; &#x43D;&#x43E;&#x432;&#x435;&#x439;&#x448;&#x435;&#x439; &#x43C;&#x435;&#x442;&#x43E;&#x434;&#x435; &#x438;&#x437;&#x443;&#x447;&#x435;&#x43D;&#x438;&#x44F; &#x44F;&#x437;&#x44B;&#x43A;&#x43E;&#x432;" &#x41A;&#x43E;&#x43C;&#x435;&#x43D;&#x441;&#x43A;&#x43E;&#x433;&#x43E; / [&#x421;&#x43E;&#x447;.] &#x41F;&#x440;&#x43E;&#x444;. &#x410;.&#x414;. &#x412;&#x435;&#x439;&#x441;&#x43C;&#x430;&#x43D;&#x430;. [&#x41E; &#x441;&#x43E;&#x447;&#x438;&#x43D;&#x435;&#x43D;&#x438;&#x44F;&#x445; &#x42F;.&#x410;. &#x41A;&#x43E;&#x43C;&#x435;&#x43D;&#x441;&#x43A;&#x43E;&#x433;&#x43E; &#x438; &#x412;&#x438;&#x43B;&#x435;&#x43D;&#x441;&#x43A;&#x43E;&#x439; &#x43F;&#x443;&#x431;&#x43B;&#x438;&#x447;&#x43D;&#x43E;&#x439; &#x431;&#x438;&#x431;&#x43B;&#x438;&#x43E;&#x442;&#x435;&#x43A;&#x435;]</subfield>
  </datafield>
  <datafield tag="464" ind1=" " ind2="0">
    <subfield code="1">2001#$a&#x41E;&#x442;&#x447;&#x435;&#x442; &#x41E;&#x442;&#x434;&#x435;&#x43B;&#x430; &#x437;&#x430; &#x432;&#x442;&#x43E;&#x440;&#x43E;&#x439; &#x433;&#x43E;&#x434; &#x434;&#x435;&#x44F;&#x442;&#x435;&#x43B;&#x44C;&#x43D;&#x43E;&#x441;&#x442;&#x438;$e&#x421;&#x43E;&#x43E;&#x431;&#x449;. &#x41C;.&#x42E;. &#x41F;&#x43E;&#x43F;&#x43E;&#x432;&#x441;&#x43A;&#x43E;&#x433;&#x43E;</subfield>
    <subfield code="1">700#1$a&#x41F;&#x43E;&#x43F;&#x43E;&#x432;&#x441;&#x43A;&#x438;&#x439;$b&#x41C;.&#x42E;.$g&#x41C;&#x430;&#x442;&#x432;&#x435;&#x439; &#x42E;&#x43B;&#x438;&#x430;&#x43D;&#x43E;&#x432;&#x438;&#x447;</subfield>
    <subfield code="t">&#x41E;&#x442;&#x447;&#x435;&#x442; &#x41E;&#x442;&#x434;&#x435;&#x43B;&#x430; &#x437;&#x430; &#x432;&#x442;&#x43E;&#x440;&#x43E;&#x439; &#x433;&#x43E;&#x434; &#x434;&#x435;&#x44F;&#x442;&#x435;&#x43B;&#x44C;&#x43D;&#x43E;&#x441;&#x442;&#x438;</subfield>
    <subfield code="a">&#x41F;&#x43E;&#x43F;&#x43E;&#x432;&#x441;&#x43A;&#x438;&#x439;, &#x41C;&#x430;&#x442;&#x432;&#x435;&#x439; &#x42E;&#x43B;&#x438;&#x430;&#x43D;&#x43E;&#x432;&#x438;&#x447;</subfield>
  </datafield>
  <datafield tag="464" ind1=" " ind2="0">
    <subfield code="1">2001#$a&#x41F;&#x435;&#x434;&#x430;&#x433;&#x43E;&#x433;&#x438;&#x447;&#x435;&#x441;&#x43A;&#x438;&#x435; &#x438;&#x434;&#x435;&#x430;&#x43B;&#x44B;. &#x42F;.&#x410;. &#x41A;&#x43E;&#x43C;&#x435;&#x43D;&#x441;&#x43A;&#x43E;&#x433;&#x43E;$f&#x421;&#x43E;&#x447;. &#x41F;.&#x413;. &#x41C;&#x438;&#x436;&#x443;&#x435;&#x432;&#x430;</subfield>
    <subfield code="1">700#1$a&#x41C;&#x438;&#x436;&#x443;&#x435;&#x432;$b&#x41F;.&#x413;.$f1861-1932$g&#x41F;&#x430;&#x432;&#x435;&#x43B; &#x413;&#x440;&#x438;&#x433;&#x43E;&#x440;&#x44C;&#x435;&#x432;&#x438;&#x447;</subfield>
    <subfield code="t">&#x41F;&#x435;&#x434;&#x430;&#x433;&#x43E;&#x433;&#x438;&#x447;&#x435;&#x441;&#x43A;&#x438;&#x435; &#x438;&#x434;&#x435;&#x430;&#x43B;&#x44B;. &#x42F;.&#x410;. &#x41A;&#x43E;&#x43C;&#x435;&#x43D;&#x441;&#x43A;&#x43E;&#x433;&#x43E;</subfield>
    <subfield code="a">&#x41C;&#x438;&#x436;&#x443;&#x435;&#x432;, &#x41F;&#x430;&#x432;&#x435;&#x43B; &#x413;&#x440;&#x438;&#x433;&#x43E;&#x440;&#x44C;&#x435;&#x432;&#x438;&#x447; (1861-1932)</subfield>
  </datafield>
  <datafield tag="464" ind1=" " ind2="0">
    <subfield code="1">2001#$a&#x412;&#x435;&#x43B;&#x438;&#x43A;&#x438;&#x435; &#x43F;&#x435;&#x434;&#x430;&#x433;&#x43E;&#x433;&#x438; &#x43F;&#x43E;&#x441;&#x43B;&#x435; &#x41A;&#x43E;&#x43C;&#x435;&#x43D;&#x441;&#x43A;&#x43E;&#x433;&#x43E;$f&#x421;&#x43E;&#x447;. &#x41D;.&#x421;. &#x41A;&#x430;&#x440;&#x446;&#x43E;&#x432;&#x430;</subfield>
    <subfield code="1">700#1$3RU\NLR\AUTH\77125493$7ca$a&#x41A;&#x430;&#x440;&#x446;&#x435;&#x432;$b&#x41D;. &#x421;.$f1856-$g&#x41D;&#x438;&#x43A;&#x43E;&#x43B;&#x430;&#x439; &#x421;&#x435;&#x440;&#x433;&#x435;&#x435;&#x432;&#x438;&#x447;</subfield>
    <subfield code="t">&#x412;&#x435;&#x43B;&#x438;&#x43A;&#x438;&#x435; &#x43F;&#x435;&#x434;&#x430;&#x433;&#x43E;&#x433;&#x438; &#x43F;&#x43E;&#x441;&#x43B;&#x435; &#x41A;&#x43E;&#x43C;&#x435;&#x43D;&#x441;&#x43A;&#x43E;&#x433;&#x43E;</subfield>
    <subfield code="a">&#x41A;&#x430;&#x440;&#x446;&#x435;&#x432;, &#x41D;&#x438;&#x43A;&#x43E;&#x43B;&#x430;&#x439; &#x421;&#x435;&#x440;&#x433;&#x435;&#x435;&#x432;&#x438;&#x447; (1856-)</subfield>
  </datafield>
  <datafield tag="464" ind1=" " ind2="0">
    <subfield code="1">2001#$a&#x410;&#x43C;&#x43E;&#x441; &#x41A;&#x43E;&#x43C;&#x435;&#x43D;&#x441;&#x43A;&#x438;&#x439;$e&#x421;&#x442;&#x438;&#x445;&#x43E;&#x442;&#x432;&#x43E;&#x440;&#x435;&#x43D;&#x438;&#x435; &#x410;&#x440;&#x435;&#x43D;&#x441;&#x430;$f&#x412; &#x43F;&#x435;&#x440;. &#x41B;.&#x41D;. &#x41C;&#x43E;&#x434;&#x437;&#x430;&#x43B;&#x435;&#x432;&#x441;&#x43A;&#x43E;&#x433;&#x43E;</subfield>
    <subfield code="1">700#1$a&#x410;&#x440;&#x435;&#x43D;&#x441;</subfield>
    <subfield code="1">702#1$3RU\NLR\AUTH\77122123$7ca$a&#x41C;&#x43E;&#x434;&#x437;&#x430;&#x43B;&#x435;&#x432;&#x441;&#x43A;&#x438;&#x439;$b&#x41B;. &#x41D;.$f1837-1896$g&#x41B;&#x435;&#x432; &#x41D;&#x438;&#x43A;&#x43E;&#x43B;&#x430;&#x435;&#x432;&#x438;&#x447;$4730</subfield>
    <subfield code="t">&#x410;&#x43C;&#x43E;&#x441; &#x41A;&#x43E;&#x43C;&#x435;&#x43D;&#x441;&#x43A;&#x438;&#x439;</subfield>
    <subfield code="a">&#x410;&#x440;&#x435;&#x43D;&#x441;</subfield>
  </datafield>
  <datafield tag="464" ind1=" " ind2="0">
    <subfield code="1">2001#$a&#x428;&#x43A;&#x43E;&#x43B;&#x430; &#x442;&#x435;&#x430;&#x442;&#x440;$eVI &#x434;&#x440;&#x430;&#x43C;&#x430; &#x41A;&#x43E;&#x43C;&#x435;&#x43D;&#x441;&#x43A;&#x43E;&#x433;&#x43E; &#x432; &#x43F;&#x435;&#x440;. &#x435;&#x433;&#x43E; &#x436;&#x435;</subfield>
    <subfield code="1">700#1$3RU\NLR\AUTH\7768663$7ca$a&#x41A;&#x43E;&#x43C;&#x435;&#x43D;&#x441;&#x43A;&#x438;&#x439;$b&#x42F;. &#x410;.$f1592-1670$g&#x42F;&#x43D; &#x410;&#x43C;&#x43E;&#x441;</subfield>
    <subfield code="t">&#x428;&#x43A;&#x43E;&#x43B;&#x430; &#x442;&#x435;&#x430;&#x442;&#x440;</subfield>
    <subfield code="a">&#x41A;&#x43E;&#x43C;&#x435;&#x43D;&#x441;&#x43A;&#x438;&#x439;, &#x42F;&#x43D; &#x410;&#x43C;&#x43E;&#x441; (1592-1670)</subfield>
  </datafield>
  <datafield tag="464" ind1=" " ind2="0">
    <subfield code="1">2001#$a&#x41E; &#x43D;&#x43E;&#x432;&#x435;&#x439;&#x448;&#x435;&#x439; &#x43C;&#x435;&#x442;&#x43E;&#x434;&#x435; &#x438;&#x437;&#x443;&#x447;&#x435;&#x43D;&#x438;&#x44F; &#x44F;&#x437;&#x44B;&#x43A;&#x43E;&#x432; &#x41A;&#x43E;&#x43C;&#x435;&#x43D;&#x441;&#x43A;&#x43E;&#x433;&#x43E;$f&#x421;&#x43E;&#x447;. &#x41F;&#x440;&#x43E;&#x444;. &#x410;.&#x414;. &#x412;&#x435;&#x439;&#x441;&#x43C;&#x430;&#x43D;&#x430;</subfield>
    <subfield code="1">700#1$3RU\NLR\AUTH\7761197$7ca$a&#x412;&#x435;&#x439;&#x441;&#x43C;&#x430;&#x43D;$b&#x410;. &#x414;.$f1834-1913$g&#x410;&#x43B;&#x435;&#x43A;&#x441;&#x430;&#x43D;&#x434;&#x440; &#x414;&#x430;&#x432;&#x438;&#x434;&#x43E;&#x432;&#x438;&#x447;</subfield>
    <subfield code="t">&#x41E; &#x43D;&#x43E;&#x432;&#x435;&#x439;&#x448;&#x435;&#x439; &#x43C;&#x435;&#x442;&#x43E;&#x434;&#x435; &#x438;&#x437;&#x443;&#x447;&#x435;&#x43D;&#x438;&#x44F; &#x44F;&#x437;&#x44B;&#x43A;&#x43E;&#x432; &#x41A;&#x43E;&#x43C;&#x435;&#x43D;&#x441;&#x43A;&#x43E;&#x433;&#x43E;</subfield>
    <subfield code="a">&#x412;&#x435;&#x439;&#x441;&#x43C;&#x430;&#x43D;, &#x410;&#x43B;&#x435;&#x43A;&#x441;&#x430;&#x43D;&#x434;&#x440; &#x414;&#x430;&#x432;&#x438;&#x434;&#x43E;&#x432;&#x438;&#x447; (1834-1913)</subfield>
  </datafield>
  <datafield tag="464" ind1=" " ind2="0">
    <subfield code="1">2001#$a&#x41E; &#x441;&#x43E;&#x447;&#x438;&#x43D;&#x435;&#x43D;&#x438;&#x44F;&#x445; &#x42F;.&#x410;. &#x41A;&#x43E;&#x43C;&#x435;&#x43D;&#x441;&#x43A;&#x43E;&#x433;&#x43E; &#x438; &#x412;&#x438;&#x43B;&#x435;&#x43D;&#x441;&#x43A;&#x43E;&#x439; &#x43F;&#x443;&#x431;&#x43B;&#x438;&#x447;&#x43D;&#x43E;&#x439; &#x431;&#x438;&#x431;&#x43B;&#x438;&#x43E;&#x442;&#x435;&#x43A;&#x435;</subfield>
    <subfield code="1">71202$a&#x412;&#x438;&#x43B;&#x435;&#x43D;&#x441;&#x43A;&#x430;&#x44F; &#x43F;&#x443;&#x431;&#x43B;&#x438;&#x447;&#x43D;&#x430;&#x44F; &#x431;-&#x43A;&#x430;$3RU\NLR\AUTH\889968535</subfield>
    <subfield code="t">&#x41E; &#x441;&#x43E;&#x447;&#x438;&#x43D;&#x435;&#x43D;&#x438;&#x44F;&#x445; &#x42F;.&#x410;. &#x41A;&#x43E;&#x43C;&#x435;&#x43D;&#x441;&#x43A;&#x43E;&#x433;&#x43E; &#x438; &#x412;&#x438;&#x43B;&#x435;&#x43D;&#x441;&#x43A;&#x43E;&#x439; &#x43F;&#x443;&#x431;&#x43B;&#x438;&#x447;&#x43D;&#x43E;&#x439; &#x431;&#x438;&#x431;&#x43B;&#x438;&#x43E;&#x442;&#x435;&#x43A;&#x435;</subfield>
  </datafield>
  <datafield tag="464" ind1=" " ind2="0">
    <subfield code="1">2001#$a&#x421;&#x43E;&#x43E;&#x431;&#x449;&#x435;&#x43D;&#x438;&#x435; &#x424;.&#x412;. &#x420;&#x436;&#x438;&#x433;&#x438;</subfield>
    <subfield code="1">700#1$3RU\NLR\AUTH\77125484$7ca$a&#x420;&#x436;&#x438;&#x433;&#x430;$b&#x424;. &#x412;.$c1847-1928$g&#x424;&#x435;&#x434;&#x43E;&#x440; &#x412;&#x44F;&#x447;&#x435;&#x441;&#x43B;&#x430;&#x432;&#x43E;&#x432;&#x438;&#x447;</subfield>
    <subfield code="t">&#x421;&#x43E;&#x43E;&#x431;&#x449;&#x435;&#x43D;&#x438;&#x435; &#x424;.&#x412;. &#x420;&#x436;&#x438;&#x433;&#x438;</subfield>
    <subfield code="a">&#x420;&#x436;&#x438;&#x433;&#x430;, &#x424;&#x435;&#x434;&#x43E;&#x440; &#x412;&#x44F;&#x447;&#x435;&#x441;&#x43B;&#x430;&#x432;&#x43E;&#x432;&#x438;&#x447; (1847-1928)</subfield>
  </datafield>
  <datafield tag="464" ind1=" " ind2="0">
    <subfield code="1">2001#$a&#x41E; &#x43D;&#x435;&#x43A;&#x43E;&#x442;&#x43E;&#x440;&#x44B;&#x445; &#x43F;&#x440;&#x435;&#x434;&#x448;&#x435;&#x441;&#x442;&#x432;&#x435;&#x43D;&#x43D;&#x438;&#x43A;&#x430;&#x445; &#x438; &#x438;&#x441;&#x442;&#x43E;&#x447;&#x43D;&#x438;&#x43A;&#x430;&#x445; &#x41A;&#x43E;&#x43C;&#x435;&#x43D;&#x441;&#x43A;&#x43E;&#x433;&#x43E;$f&#x41C;.&#x410;. &#x425;&#x43E;&#x43B;&#x43E;&#x434;&#x43D;&#x44F;&#x43A;</subfield>
    <subfield code="1">700#1$a&#x425;&#x43E;&#x43B;&#x43E;&#x434;&#x43D;&#x44F;&#x43A;$b&#x41C;.&#x410;.$g&#x41C;&#x430;&#x440;&#x438;&#x44F; &#x410;&#x43B;&#x435;&#x43A;&#x441;&#x430;&#x43D;&#x434;&#x440;&#x43E;&#x432;&#x43D;&#x430;</subfield>
    <subfield code="t">&#x41E; &#x43D;&#x435;&#x43A;&#x43E;&#x442;&#x43E;&#x440;&#x44B;&#x445; &#x43F;&#x440;&#x435;&#x434;&#x448;&#x435;&#x441;&#x442;&#x432;&#x435;&#x43D;&#x43D;&#x438;&#x43A;&#x430;&#x445; &#x438; &#x438;&#x441;&#x442;&#x43E;&#x447;&#x43D;&#x438;&#x43A;&#x430;&#x445; &#x41A;&#x43E;&#x43C;&#x435;&#x43D;&#x441;&#x43A;&#x43E;&#x433;&#x43E;</subfield>
    <subfield code="a">&#x425;&#x43E;&#x43B;&#x43E;&#x434;&#x43D;&#x44F;&#x43A;, &#x41C;&#x430;&#x440;&#x438;&#x44F; &#x410;&#x43B;&#x435;&#x43A;&#x441;&#x430;&#x43D;&#x434;&#x440;&#x43E;&#x432;&#x43D;&#x430;</subfield>
  </datafield>
  <datafield tag="702" ind1=" " ind2="1">
    <subfield code="4">570</subfield>
    <subfield code="8">rus</subfield>
    <subfield code="7">ca</subfield>
    <subfield code="a">&#x41A;&#x43E;&#x43C;&#x435;&#x43D;&#x441;&#x43A;&#x438;&#x439;</subfield>
    <subfield code="b">&#x42F;. &#x410;.</subfield>
    <subfield code="f">1592-1670</subfield>
    <subfield code="g">&#x42F;&#x43D; &#x410;&#x43C;&#x43E;&#x441;</subfield>
    <subfield code="3">RU\NLR\AUTH\7768663</subfield>
    <subfield code="9">51591</subfield>
  </datafield>
  <datafield tag="801" ind1=" " ind2="0">
    <subfield code="a">RU</subfield>
    <subfield code="b">NLR</subfield>
    <subfield code="g">psbo</subfield>
  </datafield>
  <datafield tag="801" ind1=" " ind2="0">
    <subfield code="a">RU</subfield>
    <subfield code="b">RuMoRGB</subfield>
    <subfield code="2">psbo</subfield>
  </datafield>
  <datafield tag="801" ind1=" " ind2="1">
    <subfield code="a">RU</subfield>
    <subfield code="b">ProSoft-M</subfield>
    <subfield code="2">rusmarc</subfield>
  </datafield>
  <datafield tag="801" ind1=" " ind2="2">
    <subfield code="a">RU</subfield>
    <subfield code="b">NLR</subfield>
    <subfield code="c">20130709</subfield>
    <subfield code="2">rusmarc</subfield>
  </datafield>
  <datafield tag="852" ind1=" " ind2=" ">
    <subfield code="a">NLR</subfield>
    <subfield code="j">18.202.5.292</subfield>
  </datafield>
  <datafield tag="852" ind1=" " ind2=" ">
    <subfield code="a">NLR</subfield>
    <subfield code="j">130/93</subfield>
  </datafield>
  <datafield tag="899" ind1=" " ind2=" ">
    <subfield code="a">RuMoRGB</subfield>
    <subfield code="j">C 54/254</subfield>
  </datafield>
  <datafield tag="899" ind1=" " ind2=" ">
    <subfield code="a">RuMoRGB</subfield>
    <subfield code="j">E 3/145</subfield>
  </datafield>
  <datafield tag="899" ind1=" " ind2=" ">
    <subfield code="a">&#x411;&#x410;&#x41D;</subfield>
  </datafield>
  <datafield tag="899" ind1=" " ind2=" ">
    <subfield code="a">&#x41D;&#x411; &#x421;&#x41F;&#x431;&#x413;&#x423;</subfield>
  </datafield>
  <datafield tag="942" ind1=" " ind2=" ">
    <subfield code="c">BOOK</subfield>
  </datafield>
  <datafield tag="980" ind1=" " ind2=" ">
    <subfield code="a">NB</subfield>
  </datafield>
  <datafield tag="995" ind1=" " ind2=" ">
    <subfield code="5">2013-10-26</subfield>
    <subfield code="b">NLR02</subfield>
    <subfield code="c">NLR02</subfield>
    <subfield code="e">RFS</subfield>
    <subfield code="f">4786853-10</subfield>
    <subfield code="k">18.202.5.292</subfield>
    <subfield code="o">0</subfield>
    <subfield code="r">BOOK</subfield>
    <subfield code="s">182025292_</subfield>
  </datafield>
  <datafield tag="995" ind1=" " ind2=" ">
    <subfield code="5">2013-10-26</subfield>
    <subfield code="b">NLR02</subfield>
    <subfield code="c">NLR02</subfield>
    <subfield code="e">RFS</subfield>
    <subfield code="f">1-3844763</subfield>
    <subfield code="k">130/93</subfield>
    <subfield code="o">0</subfield>
    <subfield code="r">BOOK</subfield>
    <subfield code="s">13093_</subfield>
  </datafield>
  <datafield tag="995" ind1=" " ind2=" ">
    <subfield code="5">2013-10-26</subfield>
    <subfield code="b">NLR01</subfield>
    <subfield code="c">NLR01</subfield>
    <subfield code="e">TEMP</subfield>
    <subfield code="f">4786853-50</subfield>
    <subfield code="o">0</subfield>
    <subfield code="r">BOOK</subfield>
  </datafield>
  <datafield tag="995" ind1=" " ind2=" ">
    <subfield code="5">2013-10-26</subfield>
    <subfield code="b">NLR01</subfield>
    <subfield code="c">NLR01</subfield>
    <subfield code="e">TEMP</subfield>
    <subfield code="f">4786853-60</subfield>
    <subfield code="o">0</subfield>
    <subfield code="r">BOOK</subfield>
  </datafield>
</record>
